Elsevier's dictionary of Botany: in English, French, German, Latin and Russian

Salvato in:
Dettagli Bibliografici
Autore principale: Macura, Paul (autor)
Natura: Libro
Lingua:inglese
francese
tedesco
latino
russo
Pubblicazione: Amsterdam Elsevier Scientific 1979
Soggetti:
Tags: Aggiungi Tag
Nessun Tag, puoi essere il primo ad aggiungerne!!

MARC

LEADER 00000nam a2200000 a 4500
001 UCT3808
003 CL-VaPUC
005 20220122074436.0
008 961031e19790000NE |||||||||||||||||eng|d
999 |c 253338  |d 253336 
040 |c Pontificia Universidad Católica de Valparaíso 
041 0 7 |a eng  |2 CL-VaPUC 
041 0 7 |a fre  |2 CL-VaPUC 
041 0 7 |a ger  |2 CL-VaPUC 
041 0 7 |a lat  |2 CL-VaPUC 
041 0 7 |a rus  |2 CL-VaPUC 
082 0 4 |a 581.03 MAC 1979  |2 21 
100 |a Macura, Paul  |e autor  |9 372824 
245 1 0 |a Elsevier's dictionary of Botany: in English, French, German, Latin and Russian 
260 |a Amsterdam  |b Elsevier Scientific  |c 1979 
300 |a 2 v 
505 |a v.1: plant names. v.2: general terms. 
583 |a last modification  |c 19961031 00:00:00  |k Rodrigo Vera 
650 0 |a Diccionarios  |9 256200 
650 0 |a Botánica  |9 264202 
650 0 |a Plantas  |9 264555 
650 7 |a MULTILINGUE  |2 CL-VaPUC  |9 372825 
942 |c BK  |2 ddc 
945 |d 19961031 00:00:00  |a lriquelm 
952 |0 0  |1 0  |4 0  |6 581_030000000000000_MAC_1979  |7 0  |8 X  |9 274050  |a BIBCUR  |b BIBCUR  |d 2019-11-19  |h v.1  |i 1779680  |o 581.03 MAC 1979  |p 1779680  |r 2025-04-22  |t 1  |w 2019-11-19  |y BK_X  |k BIO 
952 |0 0  |1 0  |4 0  |6 581_030000000000000_MAC_1979  |7 0  |8 X  |9 274051  |a BIBCUR  |b BIBCUR  |d 2019-11-19  |h v.2  |i 1779699  |o 581.03 MAC 1979  |p 1779699  |r 2025-04-22  |t 1  |w 2019-11-19  |y BK_X  |k BIO